[Event "Revanche"]
[Site "http://www.queenalice.com/game.php?id=394256"]
[Date "2008.4.27"]
[Round "-"]
[White "fabriciomp3"]
[Black "SGF"]
[Result "1-0"]
[WhiteElo "1426"]
[BlackElo "1656"]

1. d4 e6 2. c4 d5 3. Nc3 dxc4 4. e4 Bb4 5. Bxc4 Qh4 6. Bd3 Qf6 7. Nf3 Ne7 8. e5
Qf5 9. Bxf5 Nxf5 10. a3 Ba5 11. g4 Ne7 12. Qa4+ Nbc6 13. b4 Bb6 14. b5 Nxd4 15.
Nxd4 O-O 16. Be3 Nd5 17. Nxd5 exd5 18. Nf5 Bxf5 19. gxf5 Bxe3 20. fxe3 Rfe8 21.
Rc1 Rxe5 22. Rxc7 Rxe3+ 23. Kd2 Re5 24. Qxa7 Ree8 25. Qxb7 h5 26. Rxf7 Rab8 27.
Rxg7+ Kh8 28. Rh7+ Kg8 29. Qg7# 1-0

[Event "Challenge"]
[Site "http://www.queenalice.com/game.php?id=395853"]
[Date "2008.4.30"]
[Round "-"]
[White "fabriciomp3"]
[Black "marceloliers"]
[Result "1-0"]
[WhiteElo "1493"]
[BlackElo "1186"]

1. d4 d5 2. Nc3 c6 3. Nf3 Nd7 4. e4 Ndf6 5. exd5 cxd5 6. Bb5+ Bd7 7. Bxd7+ Qxd7
8. Bf4 Qg4 9. Be5 e6 10. O-O Nh6 11. Nb5 Rc8 12. Nxa7 Kd8 13. Nxc8 Kxc8 14. c4
Nf5 15. Qa4 Nh4 16. Nxh4 Qxh4 17. Qa8+ Kd7 18. Qxb7+ Ke8 19. Qc8+ Ke7 20. Bc7 e5
21. Bd8+ Kd6 22. c5# 1-0

[Event "Challenge"]
[Site "http://www.queenalice.com/game.php?id=395871"]
[Date "2008.4.30"]
[Round "-"]
[White "fabriciomp3"]
[Black "marceloliers"]
[Result "1-0"]
[WhiteElo "1459"]
[BlackElo "1249"]

1. e4 c6 2. Qh5 d6 3. Bc4 g6 4. Qg5 f6 5. Qh4 Nd7 6. Bxg8 Rxg8 7. Qxh7 Rg7 8.
Qh8 Nc5 9. Nc3 Ne6 10. Nf3 Qb6 11. O-O Qa6 12. d3 Nd4 13. Nxd4 Bg4 14. Bh6 Kd7
15. Bxg7 Bxg7 16. Qxg7 c5 17. Ndb5 Kc6 18. Qxe7 Kb6 19. Qc7# 1-0

[Event "Challenge"]
[Site "http://www.queenalice.com/game.php?id=395888"]
[Date "2008.4.30"]
[Round "-"]
[White "fabriciomp3"]
[Black "marceloliers"]
[Result "1-0"]
[WhiteElo "1398"]
[BlackElo "1500"]

1. e4 e5 2. Qh5 g6 3. Qxe5+ Ne7 4. Qxh8 Nec6 5. Qxh7 Nd4 6. Bc4 Nxc2+ 7. Kd1 Qe7
8. Kxc2 Nc6 9. d3 Ne5 10. Bg5 Qxg5 11. Bb3 Qxg2 12. Nd2 Qxh1 13. Ngf3 Qxa1 14.
Nxe5 Kd8 15. Qh4+ Be7 16. Qh8+ Bf8 17. Qxf8# 1-0

[Event "Challenge"]
[Site "http://www.queenalice.com/game.php?id=396486"]
[Date "2008.5.1"]
[Round "-"]
[White "fabriciomp3"]
[Black "rob0330"]
[Result "1-0"]
[WhiteElo "1372"]
[BlackElo "1844"]

1. e4 e5 2. Nf3 Nc6 3. Nc3 f5 4. d4 fxe4 5. Nxe5 Nxe5 6. dxe5 Bb4 7. Qd4 Bxc3+
8. bxc3 d5 9. exd6 Qxd6 10. Qxg7 Qf6 11. Qxc7 Ne7 12. Ba3 Nd5 13. Bb5+ Bd7 14.
Qxd7# 1-0

[Event "Challenge"]
[Site "http://www.queenalice.com/game.php?id=396489"]
[Date "2008.5.1"]
[Round "-"]
[White "fabriciomp3"]
[Black "Pato"]
[Result "0-1"]
[WhiteElo "1485"]
[BlackElo "2117"]

1. e4 d5 2. exd5 Nf6 3. d4 Nxd5 4. Nf3 c6 5. c4 Nb6 6. Bf4 g6 7. Be2 Bg7 8. O-O
Bg4 9. Nbd2 O-O 10. a4 a5 11. h3 Bxf3 12. Nxf3 Na6 13. Qd2 Nb4 14. Rfd1 e6 15.
Bg3 h6 16. h4 Qe7 17. Bf4 Kh7 18. c5 N6d5 19. Bd6 Qf6 20. Bxf8 Rxf8 21. Bc4 Rd8
22. Ra3 Qf5 23. Qc1 Qg4 24. g3 f5 25. Be2 Qe4 26. Bc4 f4 27. Re1 Qf5 0-1

[Event "AUTO-INT-886"]
[Site "http://www.queenalice.com/game.php?id=396736"]
[Date "2008.5.2"]
[Round "1"]
[White "fabriciomp3"]
[Black "paulouk"]
[Result "0-1"]
[WhiteElo "1437"]
[BlackElo "1600"]

1. d4 d5 2. c4 Bf5 3. cxd5 Qxd5 4. Nc3 Qd8 5. e4 Bg6 6. Qb3 b6 7. Bf4 Qxd4 8.
Rd1 Qc5 9. Qa4+ c6 10. Nb5 cxb5 11. Qd4 Qxd4 0-1

[Event "AUTO-INT-886"]
[Site "http://www.queenalice.com/game.php?id=396737"]
[Date "2008.5.2"]
[Round "1"]
[White "paulouk"]
[Black "fabriciomp3"]
[Result "1-0"]
[WhiteElo "1609"]
[BlackElo "1428"]

1. e4 e5 2. Nf3 Nc6 3. h3 Nf6 4. Bd3 Bc5 5. O-O O-O 6. c3 d5 7. exd5 Qxd5 8. Be2
Ne4 9. c4 Qd6 10. a3 Nxf2 11. Rxf2 1-0

[Event "AUTO-INT-886"]
[Site "http://www.queenalice.com/game.php?id=396738"]
[Date "2008.5.2"]
[Round "1"]
[White "fabriciomp3"]
[Black "luizantoniosetti"]
[Result "0-1"]
[WhiteElo "1471"]
[BlackElo "1803"]

1. e4 e6 2. d4 d5 3. Nc3 Bb4 4. e5 c5 5. a3 cxd4 6. axb4 dxc3 7. Nf3 cxb2 8.
Bxb2 Ne7 9. Bd3 Nbc6 10. Qd2 Qb6 11. b5 a5 0-1

[Event "AUTO-INT-886"]
[Site "http://www.queenalice.com/game.php?id=396739"]
[Date "2008.5.2"]
[Round "1"]
[White "luizantoniosetti"]
[Black "fabriciomp3"]
[Result "1-0"]
[WhiteElo "1806"]
[BlackElo "1468"]

1. e4 c5 2. Nf3 d6 3. d3 Nc6 4. g3 g6 5. Bg2 Bg7 6. O-O e5 7. c3 Nge7 8. Nbd2
O-O 9. Re1 Be6 10. Ng5 Bd7 11. Nc4 1-0

[Event "AUTO-INT-886"]
[Site "http://www.queenalice.com/game.php?id=396741"]
[Date "2008.5.2"]
[Round "1"]
[White "brrapha"]
[Black "fabriciomp3"]
[Result "1-0"]
[WhiteElo "1091"]
[BlackElo "1515"]

1. e4 c6 2. b4 e6 3. a3 a5 4. c3 axb4 5. cxb4 Qh4 6. d3 Qf6 7. d4 Bxb4+ 8. Bd2
Bxd2+ 9. Qxd2 d6 10. Nf3 Ne7 11. Nc3 O-O 12. e5 dxe5 13. Nxe5 Nd7 14. Ne4 Qh4
15. Qd3 Nxe5 16. dxe5 Qf4 17. Qd4 Ng6 18. g3 Qf3 19. Rg1 1-0

[Event "Challenge"]
[Site "http://www.queenalice.com/game.php?id=396847"]
[Date "2008.5.2"]
[Round "-"]
[White "fabriciomp3"]
[Black "Mehiel"]
[Result "1-0"]
[WhiteElo "1469"]
[BlackElo "1585"]

1. d4 d5 2. c4 e6 3. Nc3 Nf6 4. cxd5 Nxd5 5. e4 Nxc3 6. bxc3 Be7 7. Nf3 Nc6 8.
Bd3 O-O 9. O-O b6 10. e5 Bb7 11. Qc2 h6 12. Qe2 Na5 13. Bc2 Qd5 14. Qd3 g6 15.
Bxh6 Rfe8 16. Ba4 Red8 17. Rfd1 Bc6 18. Bxc6 Qxc6 19. Ng5 Nc4 20. Qh3 Bxg5 21.
Bxg5 Rf8 22. Bf6 Qe4 23. Qh8# 1-0

[Event "Challenge"]
[Site "http://www.queenalice.com/game.php?id=398236"]
[Date "2008.5.5"]
[Round "-"]
[White "fabriciomp3"]
[Black "rob0330"]
[Result "1-0"]
[WhiteElo "1497"]
[BlackElo "1844"]

1. e4 g6 2. d4 Bg7 3. Nf3 d6 4. Bc4 Nf6 5. Qe2 O-O 6. O-O Bg4 7. Nbd2 Nc6 8. c3
a6 9. h3 Bxh3 10. gxh3 Nh5 11. Qe3 e5 12. d5 Ne7 13. Ne1 b5 14. Bb3 Qd7 15. Ng2
f5 16. a4 f4 17. Qf3 c6 18. dxc6+ 1-0

[Event "Challenge"]
[Site "http://www.queenalice.com/game.php?id=398292"]
[Date "2008.5.5"]
[Round "-"]
[White "fabriciomp3"]
[Black "Chazam"]
[Result "1-0"]
[WhiteElo "1552"]
[BlackElo "1620"]

1. e4 e5 2. Nf3 Nc6 3. Bb5 Qf6 4. Nc3 d6 5. d4 Bd7 6. d5 Nb8 7. Qd3 a6 8. Bxd7+
Nxd7 9. Qc4 Qd8 10. O-O Nb6 11. Qb3 Be7 12. Be3 h6 13. a4 Nf6 14. a5 Nbd7 15.
Qxb7 O-O 16. b4 Ng4 17. Bd2 Ndf6 18. h3 Nxf2 19. Rxf2 Nh5 20. b5 axb5 21. Qxb5
Qb8 22. Qd7 Re8 23. Qf5 g6 24. Qd7 Qa7 25. Nb5 Qc5 26. Nxc7 Red8 27. Qxe7 Rac8
28. Na6 Qxc2 29. Bxh6 Qxe4 30. Ng5 Qxd5 31. Rxf7 Qd4+ 32. Kh2 Qh4 33. Rg7+ Nxg7
34. Qxg7# 1-0

[Event "Challenge"]
[Site "http://www.queenalice.com/game.php?id=401876"]
[Date "2008.5.12"]
[Round "-"]
[White "fabriciomp3"]
[Black "SGF"]
[Result "0-1"]
[WhiteElo "1522"]
[BlackElo "1743"]

1. e4 e5 2. Nf3 Qf6 3. Nc3 c6 4. d4 exd4 5. Bg5 Qd6 6. Qxd4 Qxd4 7. Nxd4 f6 8.
Bf4 Bb4 9. Nf5 Na6 10. Nxg7+ Kf7 11. Nf5 Nc5 12. O-O-O Bxc3 13. Nd6+ Ke6 14.
bxc3 Nxe4 15. Bc4+ Ke7 16. Rhe1 f5 17. f3 Nf6 18. fxe4 fxe4 19. Bg5 Kd8 20.
Bxf6+ Kc7 21. Bxh8 b5 22. Bf7 Ba6 0-1

[Event "AP Challenge"]
[Site "http://www.queenalice.com/game.php?id=405924"]
[Date "2008.5.20"]
[Round "-"]
[White "fabriciomp3"]
[Black "MarcosT"]
[Result "0-1"]
[WhiteElo "1464"]
[BlackElo "1689"]

1. e4 c5 2. Nf3 Nc6 3. d4 cxd4 4. Nxd4 g6 5. c4 Bg7 6. Nxc6 bxc6 7. Nc3 Qa5 8.
Qa4 Bxc3+ 9. bxc3 Qxc3+ 10. Kd1 Qxa1 0-1

[Event "Challenge"]
[Site "http://www.queenalice.com/game.php?id=411724"]
[Date "2008.6.1"]
[Round "-"]
[White "fabriciomp3"]
[Black "marceloliers"]
[Result "1-0"]
[WhiteElo "1552"]
[BlackElo "1163"]

1. e4 e5 2. Nf3 b6 3. Nc3 Bb7 4. Nxe5 Ba6 5. Nxf7 Qf6 6. Nxh8 Bc5 7. Qh5+ Ke7 8.
Nd5+ Ke6 9. d4 Bxd4 10. Bf4 Nc6 11. Qh3+ Qf5 12. Qxf5# 1-0

[Event "Challenge"]
[Site "http://www.queenalice.com/game.php?id=411765"]
[Date "2008.6.2"]
[Round "-"]
[White "fabriciomp3"]
[Black "Chazam"]
[Result "0-1"]
[WhiteElo "1455"]
[BlackElo "1564"]

1. e4 e5 2. Nf3 Nc6 3. Bb5 Qf6 4. Nc3 Nge7 5. d3 Nd4 6. Bc4 Nxf3+ 7. Qxf3 Qxf3
8. gxf3 d6 9. Nb5 Rb8 10. Nxc7+ Kd8 11. Nb5 a6 12. Nxd6 Be6 13. Bxe6 fxe6 14.
Nf7+ Ke8 15. Nxh8 Rc8 16. Bg5 Rxc2 17. Rb1 Nc6 18. a3 Nd4 19. Be3 Nxf3+ 20. Kd1
Rc6 21. Ke2 Nd4+ 22. Bxd4 exd4 23. h4 Bd6 24. Rbc1 Rb6 25. b4 Be7 26. Rc7 Bd8
0-1

[Event "Challenge"]
[Site "http://www.queenalice.com/game.php?id=411766"]
[Date "2008.6.2"]
[Round "-"]
[White "Chazam"]
[Black "fabriciomp3"]
[Result "1-0"]
[WhiteElo "1731"]
[BlackElo "1548"]

1. e4 c5 2. c4 Nc6 3. Nf3 e6 4. Nc3 Nf6 5. Bd3 Be7 6. a3 Qc7 7. O-O a6 8. h3 O-O
9. Re1 Bd6 10. Qe2 Ne5 11. Nxe5 Bxe5 12. g3 Bd4 13. Qf3 Qe5 14. Qf4 Qxf4 15.
gxf4 d5 16. e5 dxc4 17. Bxc4 b5 18. exf6 bxc4 19. fxg7 Kxg7 20. Ne4 Bb7 21. Nd6
Bd5 22. Rb1 f5 23. b4 cxb3 24. Bb2 Bxb2 25. Rxb2 Rad8 26. Nxf5+ Rxf5 27. Kf1 1-0